00603nam a22001817a 4500003000400000005001700004008004100021020001800062040002300080050001900103082001900122100002900141245008600170260001800256942001800274999001500292952011400307OSt20211005171122.0211005b |||||||| |||| 00| 0 eng d a0-8213-3878-1 cHawassa University a630.715/PURb1 a630.715/PURb1 aPurcell,Dennis L.910527 aAgricultural Extension and Research Achievements and Problems in National Systems aAmericac1997 2ddccBOOKSn0 c9769d9769 00102ddc4070a002b002d2021-10-05l0o630.715/PURpALIB0018719r2021-10-05 00:00:00t1w2021-10-05yBOOKS